Star Wars - vrcholná republika /
Pokračování komiksového příběhu z univerza Star Wars.
Uloženo v:
| Série: | Vrcholná republika,
část Star Wars (2015), část 15 |
|---|---|
| Hlavní autor: | |
| Další autoři: | , |
| Médium: | E-kniha |
| Jazyk: | Czech |
| Vydáno: |
V Praze :
Egmont,
2023
|
| Vydání: | 1. vydání |
| Edice: | Disney (Egmont)
|
| Témata: | |
| Příbuzné jednotky: | Z cyklu::
Vrcholná republika Z cyklu:: Star Wars (2015) |
| Tagy: |
Žádné tagy |
| LEADER | 02771nam a2200577 i 4500 | ||
|---|---|---|---|
| 001 | 311840 | ||
| 003 | CZ PrSKC | ||
| 005 | 20260601215712.0 | ||
| 007 | ta | ||
| 008 | 230203s2023 xr a d 6 000 1 cze | ||
| 015 | |a cnb003497718 | ||
| 020 | |a 9788025254073 |q (vázáno) : |c Kč 369,00 | ||
| 035 | |a (OCoLC)1375349805 | ||
| 040 | |a ABG001 |b cze |d OLA001 |e rda | ||
| 041 | 1 | |a cze |h eng | |
| 072 | 7 | |a 741.52 |x Komiksy. Komiksové adaptace |2 Konspekt | |
| 072 | 7 | |a 821-93 |x Literatura pro děti a mládež (beletrie) |2 Konspekt | |
| 080 | |a 741.52(0:82-321.9) |2 MRF | ||
| 080 | |a 821-93 |2 MRF | ||
| 100 | 1 | |a Scott, Cavan, |d 1973- |7 xx0154329 |4 aut | |
| 245 | 1 | 0 | |a Star Wars - vrcholná republika / |c z anglického originálu ... přeložil Lubomír Šebesta |
| 246 | 1 | 4 | |a Star Wars - vrcholná republika. |p Srdce Drengirů |
| 246 | 1 | 8 | |a Srdce Drengirů |
| 250 | |a 1. vydání | ||
| 264 | 1 | |a V Praze : |b Egmont, |c 2023 | |
| 300 | |a 120 nečíslovaných stran : |b barevné ilustrace ; |c 27 cm | ||
| 336 | |a text |b txt |2 rdacontent | ||
| 336 | |a statický obraz |b sti |2 rdacontent | ||
| 337 | |a bez média |b n |2 rdamedia | ||
| 338 | |a svazek |b nc |2 rdacarrier | ||
| 490 | 1 | |a Disney | |
| 500 | |a "Writer: Cavan Scott"--Tiráž | ||
| 505 | 0 | 0 | |t Srdce Drengirů -- |t Stín Nihilů |
| 520 | 2 | |a Pokračování komiksového příběhu z univerza Star Wars. |b V Divokém vesmíru po dlouhou dobu spalo prastaré zlo, ale Velká pramatka Drengirů nyní procitla. Jediové z Hvězdosvitu čelí tajemné nákaze, jež se nevyhnula ani nejlepším z nich. Nezbývá jim než vsadit vše na jedinou kartu a spojit síly s obávaným Huttským kartelem, aby se mohli postavit smrtelně nebezpečnému nepříteli. Nakladatelská anotace. Kráceno. | |
| 521 | 8 | |a Určeno pro čtenáře od 12 let | |
| 655 | 7 | |a sci-fi komiksy |7 fd1057483 |2 czenas | |
| 655 | 7 | |a publikace pro mládež |7 fd133157 |2 czenas | |
| 655 | 9 | |a science fiction comics |2 eczenas | |
| 655 | 9 | |a juvenile literature |2 eczenas | |
| 700 | 1 | |a Šebesta, Lubomír |7 xx0084760 |4 trl | |
| 700 | 1 | 2 | |a Scott, Cavan. |t Heart of Drengir. |l Česky |
| 700 | 1 | 2 | |a Scott, Cavan. |t Shadow of the Nihil. |l Česky |
| 787 | 0 | 8 | |i Z cyklu: |t Vrcholná republika |
| 787 | 0 | 8 | |i Z cyklu: |t Star Wars (2015) |g 15 |
| 830 | 0 | |a Disney (Egmont) | |
| 900 | |a ABA001 |b 21 | ||
| 928 | 9 | |a Albatros Media - Egmont | |
| 044 | |a xr | ||
| 910 | |a RBIT002 | ||
| 998 | |d 367819 |a https://core.palmknihy.cz/api/books/367819/cover?sibz1n |b https://core.palmknihy.cz/api/books/367819/cover/400?sibz1n |c https://core.palmknihy.cz/api/books/367819/cover/50?sibz1n |e 2026-12-31 |g 120 |i 9788025254073 |k https://core.palmknihy.cz/api/books/367819/preview.pdf |l |q 49 |r 1 |s https://www.palmknihy.cz/kniha/367819 |t ebook |y 2023 |z 0 |v Star Wars - Vrcholná Republika |w 7 | ||
| 999 | |d 311838 | ||